Southville International School and Colleges
Your cart is empty.
  • Cart
  • Lists
    Public lists Eva Luna New books Lux_list list_1
    Your lists Log in to create your own lists
  • Log in to your account
  • Your cookies
  • Search history
Southville International School and Colleges
  • Advanced search
  • Recent comments
  • Most popular
  • Libraries

Log in to your account

Log in with GOOGLE


If you do not have an external account, but do have a local account, you can still log in:

  1. Home
  2. MARC view: Leading and managing in nursing
Normal view MARC view ISBD view

Leading and managing in nursing (Record no. 16139)

[ view plain ]
MARC details
000 -LEADER
fixed length control field 00515nam a22002057a 4500
003 - CONTROL NUMBER IDENTIFIER
control field FEu
005 - DATE AND TIME OF LATEST TRANSACTION
control field 20140310182809.0
008 - FIXED-LENGTH DATA ELEMENTS--GENERAL INFORMATION
fixed length control field 130218t xxu||||| |||| 00| 0 eng d
020 ## - INTERNATIONAL STANDARD BOOK NUMBER
International Standard Book Number 0-323-01632-4
050 ## - LIBRARY OF CONGRESS CALL NUMBER
Classification number RT 89
Item number .L43 2003
245 ## - TITLE STATEMENT
Title Leading and managing in nursing
Statement of responsibility, etc Patricia S.Yoder-Wise
250 ## - EDITION STATEMENT
Edition statement 3rd ed.
260 ## - PUBLICATION, DISTRIBUTION, ETC. (IMPRINT)
Place of publication, distribution, etc St. Louis
Name of publisher, distributor, etc Mosby
Date of publication, distribution, etc c2003
300 ## - PHYSICAL DESCRIPTION
Extent 612 p. :
Dimensions 25.3 cm.
Other physical details ill. ;
521 ## - TARGET AUDIENCE NOTE
Target audience note
526 ## - STUDY PROGRAM INFORMATION NOTE
Reading level 1210L-1700L
562 ## - COPY AND VERSION IDENTIFICATION NOTE
Number of copies 1
942 ## - ADDED ENTRY ELEMENTS (KOHA)
Source of classification or shelving scheme Library of Congress Classification
Koha item type Books
Call number prefix Foreign
Holdings
Withdrawn status Lost status Source of classification or shelving scheme Damaged status Home library Current library Shelving location Date acquired Total Checkouts Full call number Barcode Date last seen Copy number Price effective from Koha item type
    Library of Congress Classification   College Library College Library General Circulation Section 02/18/2013   RT 89 .L43 2003 C12135 05/15/2018 1 03/10/2014 Books

Leading and managing in nursing

APA

(2003). Leading and managing in nursing. St. Louis: Mosby.

Chicago

2003. Leading and managing in nursing. St. Louis: Mosby.

Harvard

(2003). Leading and managing in nursing. St. Louis: Mosby.

MLA

Leading and managing in nursing. St. Louis: Mosby. 2003.

  • Place hold
  • Print
  • Cite
  • Add to your cart (remove)
  • Save record
    BIBTEX Dublin Core MARCXML MARC (non-Unicode/MARC-8) MARC (Unicode/UTF-8) MARC (Unicode/UTF-8, Standard) MODS (XML) RIS
  • More searches
    Search for this title in:
    Other Libraries (WorldCat) Other Databases (Google Scholar) Online Stores (Bookfinder.com) Open Library (openlibrary.org)

Exporting to Dublin Core...

SOUTHVILLE LIBRARY

Southville International School and Colleges Library

1281 Tropical Ave. Cor. Luxembourg St., BF Homes International, Las Pinas City

Tel. No. 8256374 / 252358 Loc. 117/146

Powered by Koha